000 00411nam a2200169Ia 4500
008 230524s9999 xx 000 0 und d
020 _a8120322835
082 _a658.3
_bROB
100 _aS.P.Robbins
245 0 _aOrganisational Behaviour
250 _a11TH
260 _aNEW DELHI
_bPHI
_c2005
300 _aXVII;635
500 _aQuantity Number: 12
650 _aOrganisational Behaviour
942 _cBK
999 _c19648
_d19648